[Event "BRA-ch Amateur U1800"]
[Site "Sao Paulo"]
[Date "2019.06.21"]
[Round "4"]
[White "Andreata, Mauro Antonio"]
[Black "Lara, Diego Costa"]
[Result "1/2-1/2"]
[WhiteElo "1624"]
[BlackElo "1729"]
[PlyCount "159"]
[EventDate "2019.06.20"]
[EventType "swiss"]
[EventRounds "7"]
[EventCountry "BRA"]
[SourceTitle "CBM 195 Extra"]
[Source "ChessBase"]
[SourceDate "2020.05.31"]
[SourceVersion "1"]
[SourceVersionDate "2020.05.31"]
[SourceQuality "1"]

1. d4 e6 2. c4 Nf6 3. Nf3 Bb4+ 4. Bd2 Qe7 5. Nc3 b6 6. e3 Bb7 7. Be2 0-0 8. 0-0 d5 9. Rc1 dxc4 10. Bxc4 Nbd7 11. Re1 Bxc3 12. Bxc3 Ne4 13. Bd3 f5 14. Bc4 Bd5 15. Qe2 Ndf6 16. h3 Nxc3 17. Rxc3 Ne4 18. Rcc1 c6 19. Rc2 Rac8 20. Rec1 c5 21. Bxd5 exd5 22. Ne5 c4 23. Qe1 f4 24. b3 fxe3 25. Qxe3 b5 26. bxc4 bxc4 27. Rb1 Rb8 28. Rf1 Rb6 29. f4 Rfb8 30. Kh2 c3 31. Nf3 Qa3 32. Qc1 Rb2 33. Rg1 Qxa2 34. Rxc3 Nxc3 35. Qxc3 R2b3 36. Qc7 a5 37. Ng5 R3b7 38. Qd6 h6 39. Qe6+ Kh8 40. Nf7+ Kh7 41. Nd6 Ra7 42. f5 Qa4 43. Qg6+ Kg8 44. Re1 Qd7 45. Qe6+ Qxe6 46. fxe6 Re7 47. Nf5 Kf8 48. Re5 Rb4 49. Nd6 Rb6 50. Rf5+ Kg8 51. Nc8 Rexe6 52. Nxb6 Rxb6 53. Rxd5 Ra6 54. Rc5 a4 55. Kg3 a3 56. Rc1 a2 57. Ra1 Ra4 58. Kf3 Kf7 59. Ke4 Ke6 60. h4 g6 61. g4 h5 62. gxh5 gxh5 63. Kd3 Kd5 64. Kc3 Ra7 65. Kb2 Ra4 66. Kc3 Ra3+ 67. Kb2 Rh3 68. Kxa2 Kxd4 69. Kb2 Rh2+ 70. Kb3 Kd3 71. Ra4 Rh1 72. Kb2 Kd2 73. Kb3 Rb1+ 74. Kc4 Rg1 75. Ra2+ Ke3 76. Ra3+ Ke4 77. Ra5 Rc1+ 78. Kb3 Kf4 79. Rxh5 Rh1 80. Rh8 1/2-1/2

[Event "Florianopolis op 5th"]
[Site "Florianopolis"]
[Date "2019.01.24"]
[Round "5"]
[White "Lara, Diego Costa"]
[Black "Juliano, Joao Carlos Mazzini"]
[Result "1-0"]
[WhiteElo "1678"]
[BlackElo "1924"]
[PlyCount "169"]
[EventDate "2019.01.21"]
[EventType "swiss"]
[EventRounds "10"]
[EventCountry "BRA"]
[SourceTitle "EXT 2020"]
[Source "ChessBase"]
[SourceDate "2019.10.17"]
[SourceVersion "1"]
[SourceVersionDate "2019.10.17"]
[SourceQuality "1"]

1. d4 Nf6 2. c4 e6 3. Nc3 d5 4. cxd5 exd5 5. a3 a5 6. Bf4 c6 7. Nf3 Be7 8. e3 0-0 9. Bd3 Re8 10. h3 Nbd7 11. 0-0 Nf8 12. Re1 Ne6 13. Be5 Bd6 14. Qc2 h6 15. Rab1 Qe7 16. e4 Bxe5 17. dxe5 Nxe4 18. Bxe4 dxe4 19. Nxe4 Nc7 20. Nd6 Rd8 21. Rbd1 Nd5 22. Qe4 f6 23. Nxc8 Raxc8 24. exf6 Qxe4 25. Rxe4 Nxf6 26. Rxd8+ Rxd8 27. Re7 Rd7 28. Re5 Rd5 29. Re7 Rb5 30. Re2 c5 31. Ne5 Rb3 32. Nc4 a4 33. Rc2 b6 34. Kf1 Kf7 35. Ke2 Ke6 36. Nd2 Rb5 37. Kd1 Ra5 38. Nc4 Ra6 39. Ne3 Ne4 40. Re2 Nf6 41. Ng4+ Kf7 42. Ne5+ Kf8 43. Kc2 b5 44. Nd3 Rc6 45. Re5 Nd7 46. Rd5 Ke7 47. g4 Rd6 48. Rf5 Rc6 49. Ne5 Nxe5 50. Rxe5+ Kd6 51. f4 Rc7 52. Kd3 Kc6 53. Ke4 Ra7 54. f5 b4 55. Re6+ Kd7 56. Kd5 bxa3 57. bxa3 Rb7 58. Rg6 Ke8 59. Kxc5 Rb3 60. Rxg7 Rxa3 61. Kb4 Rxh3 62. Kxa4 Rg3 63. Kb5 Kf8 64. Rg6 Kf7 65. Kc5 h5 66. g5 h4 67. Kd5 h3 68. Ke5 h2 69. Rf6+ Kg7 70. Rg6+ Kf7 71. Rh6 Rxg5 72. Rh7+ Kg8 73. Rxh2 Kf7 74. Rh7+ Kg8 75. Rd7 Rh5 76. Kf6 Rh2 77. Kg6 Rg2+ 78. Kf6 Re2 79. Rd8+ Kh7 80. Kf7 Ra2 81. Rd7 Ra6 82. f6 Rb6 83. Ke8+ Kg6 84. f7 Rb8+ 85. Ke7 1-0

[Event "Florianopolis op 5th"]
[Site "Florianopolis"]
[Date "2019.01.23"]
[Round "4"]
[White "Lage, Pedro Ferreira"]
[Black "Lara, Diego Costa"]
[Result "1/2-1/2"]
[WhiteElo "1986"]
[BlackElo "1678"]
[PlyCount "36"]
[EventDate "2019.01.21"]
[EventType "swiss"]
[EventRounds "10"]
[EventCountry "BRA"]
[SourceTitle "CBM 188 Extra"]
[Source "ChessBase"]
[SourceDate "2019.02.26"]
[SourceVersion "1"]
[SourceVersionDate "2019.02.26"]
[SourceQuality "1"]

1. Nf3 e6 2. g3 b6 3. Bg2 Bb7 4. c4 Nf6 5. 0-0 d5 6. b3 dxc4 7. bxc4 g6 8. Ba3 c5 9. d4 Nbd7 10. Qa4 Qc7 11. Nc3 a6 12. Rab1 Be7 13. Ne5 Bxg2 14. Kxg2 0-0 15. Nxd7 Nxd7 16. Qb3 Rfb8 17. d5 e5 18. Qc2 Rb7 1/2-1/2

[Event "Florianopolis op 5th"]
[Site "Florianopolis"]
[Date "2019.01.21"]
[Round "1"]
[White "Lara, Diego Costa"]
[Black "Cruz, William Ferreira Da"]
[Result "0-1"]
[WhiteElo "1678"]
[BlackElo "2232"]
[PlyCount "104"]
[EventDate "2019.01.21"]
[EventType "swiss"]
[EventRounds "10"]
[EventCountry "BRA"]
[SourceTitle "CBM 188 Extra"]
[Source "ChessBase"]
[SourceDate "2019.02.26"]
[SourceVersion "1"]
[SourceVersionDate "2019.02.26"]
[SourceQuality "1"]

1. d4 Nf6 2. c4 g6 3. Nc3 Bg7 4. e4 d6 5. Bd3 0-0 6. Nge2 e5 7. d5 Na6 8. 0-0 Nc5 9. f4 exf4 10. Bxf4 Re8 11. Qc2 Qe7 12. Ng3 Ng4 13. Nge2 Ne5 14. Bxe5 Bxe5 15. b4 Nd7 16. Rac1 Nf6 17. h3 Nh5 18. Rf3 a5 19. b5 b6 20. Rcf1 Rf8 21. a4 Bd7 22. Na2 g5 23. g4 Nf4 24. Nxf4 Bxf4 25. Nc1 f6 26. Ne2 Be5 27. Ng3 Rf7 28. Nf5 Bxf5 29. Rxf5 Re8 30. R5f3 h5 31. Qg2 Rh7 32. gxh5 Rxh5 33. Qg4 Rh4 34. Qf5 Qg7 35. Kh1 Kh8 36. Rg1 Qh6 37. Bf1 g4 38. Rxg4 Rxg4 39. Qxg4 Rg8 40. Qf5 Bd4 41. Qf4 Rg1+ 42. Kh2 Be5 43. Qxe5 dxe5 44. Kxg1 Kg7 45. Rg3+ Kf8 46. Be2 Qd2 47. Kf1 Qc2 48. Bd3 Qxa4 49. h4 Qd1+ 50. Kg2 a4 51. Rf3 a3 52. Rxf6+ Kg7 0-1